000 00968nam a2200205Ia 4500
003 OSt
005 20241028143456.0
007 ca aa aaaaa
008 201103s9999 xx 000 0 und d
040 _cSSBUL
041 _abur
082 _223
_a၂၉၄.၃၄၄၃ ချမ်း
_b၉၁၃၅ S-SAT
100 0 _aချမ်းမြေ့ရိပ်သာဆရာတော်။
245 1 0 _aလှူကထိန်သင်္ကန်းနှင့်မဂ်လမ်းကိုရွယ်တရားတော် /
_cချမ်းမြေ့ရိပ်သာဆရာတော်။
260 _aရန်ကုန် ၊
_bစိုးမိုးမိတ်ဆက်စာပုံနှိပ်တိုက်၊
_c၁၉၈၂။
300 _a၇၈ စာမျက်နှာ ၊
_c၁၈ စင်တီ။
500 _aS-SAT: Dr. Sai Aung Tun
650 _aဗုဒ္ဓတရားတော်
_914864
942 _2ddc
_cBK1
999 _c16707
_d16707